| 000 | 00584nam a2200205Ia 4500 | ||
|---|---|---|---|
| 003 | BUBTL | ||
| 008 | 151213s9999 xx 000 0 und d | ||
| 082 | _a310/DAL | ||
| 100 |
_aJagadish Chandra . Sukla Das _92975 |
||
| 245 |
_aLesson Note on Statistics _cJagadish Chandra . Sukla Das |
||
| 250 | _a2nd | ||
| 260 |
_aNilkhet , Dhaka. _bNasir's _c1995 |
||
| 300 |
_a128p. : _b21cm. |
||
| 650 |
_aStatistics _9171 |
||
| 650 |
_aStatistics _9171 |
||
| 700 |
_aJagadish Chandra . Sukla Das _92975 |
||
| 856 |
_k0 _l0 _yDownload |
||
| 942 |
_2ddc _cBK |
||
| 999 |
_c4729 _d4729 |
||